00808nam a2200193Ia 4500008004100000020001500041041001200056082001600068100001400084245007900098260003600177300000800213650001200221700001700233942000700250999001500257952017100272952017100443221030s9999 xx 000 0 und d a8188458317 aEnglish a105.23bPra aP. Prasad 4aThe Functional Aspects of Communication Skillscby P. Prasad, R. K. Sharma bS.K Kataria & SonsaDelhic2006 a404 aEnglish aR. K. Sharma cBK c3816d3816 pBE 9070g135.00l0o105.23 Prar2024-06-13 00:00:00w2022-10-30yBK003Print4070aMIETLIBbMIETLIBcBL-Academic Block A, FL-1, CUP-21, SH-1, R-1d2006-12-0210HBE pBE 9071g135.00l0o105.23 Dogr2024-06-13 00:00:00w2022-10-30yBK003Print4070aMIETLIBbMIETLIBcBL-Academic Block A, FL-1, CUP-21, SH-1, R-1d2006-12-0210HBE